Principles of wireless networks : (Record no. 6880)
[ view plain ]
| 000 -LEADER | |
|---|---|
| fixed length control field | 00758nam a22002292 4500 |
| 001 - CONTROL NUMBER | |
| control field | 0000005162 |
| 005 - DATE AND TIME OF LATEST TRANSACTION | |
| control field | 20151217151954.0 |
| 008 - FIXED-LENGTH DATA ELEMENTS--GENERAL INFORMATION | |
| fixed length control field | 070607s xx 000 0 eng d |
| 020 ## - INTERNATIONAL STANDARD BOOK NUMBER | |
| International Standard Book Number | 8178086468 : |
| Terms of availability | KES 1,800 |
| 040 ## - CATALOGING SOURCE | |
| Original cataloging agency | KABU |
| Transcribing agency | KABU |
| 050 #0 - LIBRARY OF CONGRESS CALL NUMBER | |
| Classification number | TK5103.2 |
| Item number | .P34 |
| 100 1# - MAIN ENTRY--PERSONAL NAME | |
| Personal name | Pahlavan, Kaveh. |
| -- | 0000156304 |
| 245 10 - TITLE STATEMENT | |
| Title | Principles of wireless networks : |
| Remainder of title | a unified approach / |
| Statement of responsibility, etc. | Kaveh Pahlavan, Prashant Krishnamurthy. |
| 260 ## - PUBLICATION, DISTRIBUTION, ETC. (IMPRINT) | |
| Place of publication, distribution, etc. | Delhi : |
| Name of publisher, distributor, etc. | Pearson Educ., |
| Date of publication, distribution, etc. | 2002. |
| 300 ## - PHYSICAL DESCRIPTION | |
| Extent | xiv, 584 p. |
| 650 #0 - SUBJECT ADDED ENTRY--TOPICAL TERM | |
| Topical term or geographic name as entry element | Wireless communication systems. |
| -- | 0000151097 |
| 700 1# - ADDED ENTRY--PERSONAL NAME | |
| Personal name | Krishnamurthy, Prashant. |
| -- | 0000156305 |
| 908 ## - PUT COMMAND PARAMETER (RLIN) | |
| Put command parameter | 070607 |
| 950 ## - LOCAL HOLDINGS (RLIN) | |
| -- | 1 |
| Withdrawn status | Lost status | Source of classification or shelving scheme | Not for loan | Home library | Current library | Date acquired | Total Checkouts | Full call number | Barcode | Date last seen | Price effective from | Koha item type |
|---|---|---|---|---|---|---|---|---|---|---|---|---|
| Library of Congress Classification | Kabarak, Main Campus | Kabarak, Main Campus | 17/12/2015 | TK5103.2 .P34 c. 1 | 010657 | 17/12/2015 | 17/12/2015 | General Collection | ||||
| Library of Congress Classification | Kabarak, Main Campus | Kabarak, Main Campus | 17/12/2015 | TK5103.2 .P34 c. 2 | 17678 | 17/12/2015 | 17/12/2015 | General Collection |